• 首页
  • 本馆介绍
  • 公告通知
  • 最新文献
  • 馆藏检索
  • 电子资源
  • 读者导购
  • 参考咨询
  • 我的图书馆
  • 登录
  • 详细信息显示
  • 放入我的书架
  • 预约/预借图书
  • 作者相关作品
  • 分类相关作品
  • 丛书相关作品
  • 出版社相关作品

书目信息

  • 表格格式
  • 工作单格式
  • 卡片格式
题名:
和声实用基础教程
    
 
作者: 薛世民 , 冯鄂生 , 贾方爵 编著
分册:  
出版信息: 重庆   西南师范大学出版社  1999
页数: 299页
开本: 26cm
丛书名: 21世纪高师音乐教材
单 册:
中图分类: J614.1
科图分类:
主题词: 和声学
电子资源:
ISBN: 7-5621-1875-2
000 00715nam2 2200241 45
001 0002211583
005 20070702100210.54
010    @a7-5621-1875-2@dCNY25.00
100    @a20000221d1999 km y0chiy0120 ea
101    @achi
200 1  @a和声实用基础教程@AHe Sheng Shi Yong Ji Chu Jiao Cheng@f冯鄂生等编著@FFeng E Sheng Deng Bian Zhu
210    @a重庆@c西南师范大学出版社@d1999
215    @a299页@d26cm
225    @a21世纪高师音乐教材@f戴雄等编
410    @12001 @a21世纪高师音乐教材
410    @1700 0@a戴雄@ADai Xiong@4编
606 0  @a和声学
690    @aJ614.1@v1
701  0 @a薛世民@4编著
701    @a冯鄂生@4编著
701  0 @a贾方爵@4编著
801    @aCN@bTSTC@c20070702
905    @a10447@dJ614.1@e146
    
    和声实用基础教程/冯鄂生等编著.-重庆:西南师范大学出版社,1999
    299页;26cm.-(21世纪高师音乐教材/戴雄等编)
    
    
    ISBN 7-5621-1875-2:CNY25.00
    
●
相关链接 在E读中查询图书 在五车中查询图书 在当当中查询图书 在豆瓣中查询图书


正题名:和声实用基础教程     索取号:J614.1/146         预约/预借

序号 登录号 条形码 馆藏地/架位号 状态 备注
1 0284983   002849831   第一借阅区/ [索取号:J614.1/146] 在馆    
2 0284984   002849840   第一借阅区/ [索取号:J614.1/146] 已借出,限还日期为2004.10.18
借出人:刘成刚  
 
3 0284985   002849859   第一借阅区/ [索取号:J614.1/146] 在馆    
4 0284986   002849868   第一借阅区/ [索取号:J614.1/146] 在馆    
5 0284987   002849877   第一样本阅览室/ [索取号:J614.1/146] 在馆    
6 0337691   203376916   第一借阅区/ [索取号:J614.1/146] 在馆    
7 0764131   207641319   密集书库/ [索取号:J614.1/146] 在馆    
8 0764132   207641328   密集书库/ [索取号:J614.1/146] 在馆    
唐山师范学院图书馆 欢迎您!
大连网信软件有限公司© 版权所有